Justice comes to Cactus City /

Uloženo v:
Podrobná bibliografie
Hlavní autor: Lee, Ranger
Médium: Kniha
Jazyk:English
Vydáno: London : The Western Book Club, 1962, c1960.
LEADER 00734nam a2200205 a 4500
001 c000096718
003 CARM
005 00000000000000.0
008 950929t19621960enk 00001 eng d
019 1 |a 11870679  |5 LACONCORD2021 
035 |a (OCoLC)221760782  |5 LACONCORD2021 
040 |a VLINC  |c VLINC 
100 1 |a Lee, Ranger. 
245 1 0 |a Justice comes to Cactus City /  |c Ranger Lee. 
260 |a London :  |b The Western Book Club,  |c 1962, c1960. 
300 |a 192 p. ;  |c 19 cm. 
852 8 |b CARM  |h A2:AM04G0  |i A00720  |p 0099317  |f BK 
082 0 4 |a 813.54  |2 20 
999 f f |i 9168ddc8-2ba9-5582-91b6-86f2570f9bca  |s 78da6e4d-c516-5e16-9beb-44ec21163461 
952 f f |p Can circulate  |a CAVAL  |b CAVAL  |c CAVAL  |d CARM 1 Store  |e A00720  |f A2:AM04G0  |h Other scheme  |i book  |m 0099317